[Event "7th Essent op"]
[Site "Hoogeveen NED"]
[Date "2003.10.17"]
[Round "8.29"]
[White "Van der Veen, Jan"]
[Black "Slisser, Theo"]
[Result "1-0"]
[WhiteElo "2118"]
[BlackElo "2161"]
[EventDate "2003.10.10"]
[PlyCount "59"]

1.e4 Nc6 2.Nf3 d6 3.d4 Nf6 4.Nc3 Bg4 5.Be3 e6 6.h3 Bh5 7.d5 exd5 8.exd5 
Ne5 9.g4 Bg6 10.Nd2 Ned7 11.f4 Qe7 12.Rh2 O-O-O 13.Re2 Nxg4 14.hxg4 Qh4+ 
15.Rf2 Re8 16.Qf3 f5 17.Bh3 Nf6 18.O-O-O fxg4 19.Bxg4+ Qxg4 20.Bd4 Qf5 21.
Qd3 Qxd3 22.cxd3 Bxd3 23.Nf3 Bc4 24.Bxf6 gxf6 25.Nd4 Be7 26.Kd2 Bd8 27.Rc1
Rhg8 28.b4 Rg3 29.Nf5 Rd3+ 30.Kc2 1-0

[Event "7th Essent op"]
[Site "Hoogeveen NED"]
[Date "2003.10.17"]
[Round "8.30"]
[White "Westerkamp, Bert"]
[Black "Bensdorp, Marlies"]
[Result "1/2-1/2"]
[WhiteElo "2129"]
[BlackElo "2171"]
[EventDate "2003.10.10"]
[PlyCount "56"]

1.d4 d5 2.Nf3 c6 3.c4 e6 4.e3 Nf6 5.Nc3 Be7 6.Qc2 Nbd7 7.Bd3 O-O 8.O-O a6 
9.e4 dxe4 10.Nxe4 Nxe4 11.Bxe4 Nf6 12.Bd3 h6 13.Rd1 Qc7 14.Bd2 c5 15.Bc3 
cxd4 16.Bxd4 Bd7 17.Be5 Qc8 18.Rac1 Bc6 19.Nd4 Rd8 20.Nxc6 Qxc6 21.Be2 
Rac8 22.Bf3 Qb6 23.Rxd8+ Rxd8 24.c5 Qa7 25.b4 Nd5 26.a3 Qa8 27.Rd1 Qc8 28.
Qb3 Qc6 1/2-1/2

[Event "7th Essent op"]
[Site "Hoogeveen NED"]
[Date "2003.10.18"]
[Round "9.2"]
[White "Rogers, Ian"]
[Black "Pert, Nicholas"]
[Result "1/2-1/2"]
[WhiteElo "2574"]
[BlackElo "2488"]
[EventDate "2003.10.10"]
[PlyCount "204"]

1.e4 e6 2.d4 d5 3.Nc3 Nf6 4.Bg5 dxe4 5.Nxe4 Nbd7 6.Nf3 h6 7.Nxf6+ Nxf6 8.
Bxf6 Qxf6 9.Bd3 Bd6 10.O-O Bd7 11.Re1 Bc6 12.Be4 Bxe4 13.Rxe4 O-O 14.c3 c5
15.Qe2 Rad8 16.Rd1 a6 17.g3 cxd4 18.Rexd4 Qe7 19.Qe4 Qc7 20.b4 Be7 21.Rxd8
Rxd8 22.Rxd8+ Bxd8 23.c4 Bf6 24.Ne1 Qd7 25.Nd3 Qa4 26.Kg2 Qxa2 27.Nc5 Qb2 
28.Qxb7 Bd4 29.Qf3 Bxc5 30.bxc5 Qd4 31.Qa8+ Kh7 32.Qb7 Qxc4 33.c6 Qe4+ 34.
Kf1 a5 35.Qb5 a4 36.c7 a3 37.Qb3 Qc6 38.Qd3+ f5 39.Qxa3 Qxc7 40.h4 Qc4+ 
41.Kg1 Qe4 42.Qe7 f4 43.gxf4 Qxf4 44.Qxe6 Qxh4 45.Qf5+ Kg8 46.Qd5+ Kh8 47.
Qe6 Qg5+ 48.Kh2 Kh7 49.Qc8 Qh5+ 50.Kg3 Qg6+ 51.Kh2 Qe4 52.Kg3 h5 53.f3 
Qe5+ 54.Kh3 Qf4 55.Qc2+ g6 56.Qc6 Kh6 57.Qa8 Qf5+ 58.Kg3 Qe5+ 59.Kh3 Kg5 
60.Qd8+ Kf4 61.Qd2+ Kf5 62.Qd3+ Kf6 63.Qd8+ Kg7 64.Qd7+ Kh6 65.Qc8 Qf6 66.
Qc1+ g5 67.Qe3 Qf5+ 68.Kg2 Qc2+ 69.Kh3 Qc6 70.Kg2 h4 71.Qd4 Qc2+ 72.Kh3 
Qf5+ 73.Kg2 Qe6 74.Qb2 Kg6 75.Qc2+ Kf6 76.Qc3+ Qe5 77.Qc6+ Kg7 78.Qb7+ Kh6
79.Qa8 Qe2+ 80.Kh3 Qf1+ 81.Kh2 Qf2+ 82.Kh1 Qe1+ 83.Kg2 Qg3+ 84.Kh1 h3 85.
Qh8+ Kg6 86.Qg8+ Kf6 87.Qf8+ Ke6 88.Qe8+ Kd5 89.Qe4+ Kc5 90.Qg4 Qxg4 91.
fxg4 Kd4 92.Kh2 Ke3 93.Kxh3 Kf2 94.Kh2 Kf3 95.Kh3 Kf4 96.Kh2 Kxg4 97.Kg2 
Kf4 98.Kf2 g4 99.Kg2 g3 100.Kg1 Kf3 101.Kf1 g2+ 102.Kg1 Kg3 1/2-1/2

[Event "7th Essent op"]
[Site "Hoogeveen NED"]
[Date "2003.10.18"]
[Round "9.4"]
[White "Grigoriants, Sergey"]
[Black "Glek, Igor Vladimirovich"]
[Result "1/2-1/2"]
[WhiteElo "2525"]
[BlackElo "2555"]
[EventDate "2003.10.10"]
[PlyCount "118"]

1.e4 e6 2.d4 d5 3.Nc3 Nf6 4.Bg5 Bb4 5.e5 h6 6.Bd2 Bxc3 7.bxc3 Ne4 8.Qg4 g6
9.Qf4 c5 10.Bd3 Nxd2 11.Qxd2 Bd7 12.Nf3 Bc6 13.h4 Nd7 14.a4 Qa5 15.dxc5 
Nxc5 16.O-O Qd8 17.Qf4 Qe7 18.a5 Rc8 19.Nd4 g5 20.Qg4 Nxd3 21.cxd3 gxh4 
22.Rab1 Qg5 23.Qxg5 hxg5 24.Nxc6 Rxc6 25.Rxb7 O-O 26.Rxa7 Rxc3 27.Ra1 Rb8 
28.a6 Rbb3 29.Ra8+ Kg7 30.a7 Ra3 31.Rxa3 Rxa3 32.f3 Ra1+ 33.Kf2 Ra2+ 34.
Kf1 Ra1+ 35.Ke2 Ra2+ 36.Ke1 Ra1+ 37.Kd2 Ra2+ 38.Kd1 Ra1+ 39.Kc2 Ra2+ 40.
Kb3 Ra1 41.Kb2 Ra6 42.Kc3 Ra3+ 43.Kb4 Ra1 44.Kb3 Ra6 45.Kc2 Ra2+ 46.Kd1 
Ra1+ 47.Kd2 Ra2+ 48.Ke1 Ra1+ 49.Ke2 Ra2+ 50.Kf1 Ra1+ 51.Kf2 Ra2+ 52.Kg1 
Ra1+ 53.Kh2 g4 54.fxg4 Kh7 55.g5 Kg7 56.Kh3 Ra4 57.d4 Kh7 58.g3 hxg3 59.
Kxg3 Kg7 1/2-1/2

[Event "7th Essent op"]
[Site "Hoogeveen NED"]
[Date "2003.10.18"]
[Round "9.5"]
[White "Werle, Jan"]
[Black "Dvoirys, Semen I"]
[Result "0-1"]
[WhiteElo "2409"]
[BlackElo "2569"]
[EventDate "2003.10.10"]
[PlyCount "48"]

1.Nf3 c5 2.c4 Nf6 3.Nc3 Nc6 4.g3 g6 5.Bg2 d6 6.d4 cxd4 7.Nxd4 Bd7 8.O-O 
Bg7 9.Nxc6 bxc6 10.e4 Ng4 11.Qc2 Qa5 12.h3 Ne5 13.Nd1 Be6 14.Ne3 Qa6 15.c5
dxc5 16.Qxc5 Nd3 17.Qc2 O-O 18.Rd1 Nxc1 19.Rdxc1 Rab8 20.Nd1 Rfd8 21.Nc3 
Qa5 22.Re1 Rxb2 23.Qxb2 Bxc3 24.Qe2 Rd2 0-1

[Event "7th Essent op"]
[Site "Hoogeveen NED"]
[Date "2003.10.18"]
[Round "9.6"]
[White "Janssen, Ruud"]
[Black "Jens, Jelmer"]
[Result "1-0"]
[WhiteElo "2489"]
[BlackElo "2387"]
[EventDate "2003.10.10"]
[PlyCount "77"]

1.d4 Nf6 2.c4 g6 3.Nc3 Bg7 4.e4 d6 5.Be2 O-O 6.Nf3 Na6 7.Bf4 Nh5 8.Bg5 Qe8
9.Nh4 Nf6 10.Qd2 e5 11.d5 Nc5 12.f3 Nh5 13.Nb5 Na6 14.g3 f5 15.exf5 gxf5 
16.O-O-O Kh8 17.Bh6 Qf7 18.Bxg7+ Qxg7 19.f4 Nf6 20.fxe5 dxe5 21.Bd3 e4 22.
Be2 Ne8 23.Rhf1 Nd6 24.Qd4 Bd7 25.Qxg7+ Kxg7 26.Nd4 Rae8 27.a3 Nc5 28.b4 
Nd3+ 29.Bxd3 exd3 30.c5 Nc4 31.Rxd3 Re5 32.Rc3 Ne3 33.Rxe3 Rxe3 34.Nhxf5+ 
Bxf5 35.Nxf5+ Rxf5 36.Rxf5 Rxa3 37.Kc2 Ra2+ 38.Kc3 Rxh2 39.d6 1-0

[Event "7th Essent op"]
[Site "Hoogeveen NED"]
[Date "2003.10.18"]
[Round "9.7"]
[White "Stellwagen, Daniel"]
[Black "Willemze, Thomas"]
[Result "1-0"]
[WhiteElo "2487"]
[BlackElo "2232"]
[EventDate "2003.10.10"]
[PlyCount "47"]

1.e4 c6 2.d4 d5 3.e5 Bf5 4.Nf3 e6 5.a3 h6 6.Be2 Ne7 7.O-O Ng6 8.Be3 Nd7 9.
Nbd2 Nh4 10.Nxh4 Qxh4 11.Nf3 Qd8 12.b3 Be7 13.c4 O-O 14.Bd3 Bxd3 15.Qxd3 
Qc7 16.Rfe1 Rad8 17.Bd2 Nb6 18.c5 Nd7 19.b4 b6 20.h3 bxc5 21.dxc5 f6 22.
Nd4 fxe5 23.Qg3 Kf7 24.Qg4 1-0

[Event "7th Essent op"]
[Site "Hoogeveen NED"]
[Date "2003.10.18"]
[Round "9.8"]
[White "Baramidze, David"]
[Black "l`Ami, Erwin"]
[Result "0-1"]
[WhiteElo "2463"]
[BlackElo "2470"]
[EventDate "2003.10.10"]
[PlyCount "58"]

1.e4 e6 2.d4 d5 3.Nc3 Bb4 4.e5 c5 5.a3 Bxc3+ 6.bxc3 Ne7 7.Nf3 Qc7 8.Bd3 b6
9.a4 Ba6 10.Ba3 Bxd3 11.Qxd3 Nd7 12.O-O h6 13.c4 dxc4 14.Qxc4 O-O 15.a5 
Rfc8 16.axb6 axb6 17.Qe2 Ra4 18.dxc5 Nxc5 19.h3 Rca8 20.Bb2 Nd5 21.Nd4 
Rxa1 22.Bxa1 Ra2 23.Rb1 Qa7 24.Qd1 Qa4 25.Nb3 Nxb3 26.cxb3 Qe4 27.f3 Qe3+ 
28.Kh1 Rd2 29.Qg1 Qd3 0-1

[Event "7th Essent op"]
[Site "Hoogeveen NED"]
[Date "2003.10.18"]
[Round "9.9"]
[White "Dambacher, Martijn"]
[Black "Hoeksema, Hendrik Pieter"]
[Result "1/2-1/2"]
[WhiteElo "2419"]
[BlackElo "2351"]
[EventDate "2003.10.10"]
[PlyCount "70"]

1.d4 Nf6 2.c4 e6 3.Nc3 Bb4 4.e3 O-O 5.Bd3 d5 6.cxd5 exd5 7.Ne2 Bd6 8.O-O 
a6 9.a3 Re8 10.b4 b6 11.Qb3 Be6 12.Nf4 Nbd7 13.Bb1 c5 14.bxc5 bxc5 15.Nxe6
fxe6 16.dxc5 Nxc5 17.Qd1 Be5 18.Bd2 Nce4 19.Bxe4 Nxe4 20.Rc1 Nxd2 21.Qxd2 
Qa5 22.Nb1 Qxd2 23.Nxd2 Bb2 24.Rc6 Bxa3 25.Nb3 Bb4 26.Nc5 Bxc5 27.Rxc5 
Rec8 28.Ra5 Rc6 29.g3 Rb8 30.Rfa1 Rbb6 31.Kg2 Kf7 32.Kf3 Ke7 33.Kf4 Kf6 
34.h4 e5+ 35.Kg4 Ke6 1/2-1/2

[Event "7th Essent op"]
[Site "Hoogeveen NED"]
[Date "2003.10.18"]
[Round "9.10"]
[White "Beshukov, Sergei"]
[Black "Erwich, Marc"]
[Result "1/2-1/2"]
[WhiteElo "2506"]
[BlackElo "2333"]
[EventDate "2003.10.10"]
[PlyCount "98"]

1.e4 e5 2.Nf3 Nc6 3.Bc4 Bc5 4.c3 Nf6 5.d3 a6 6.Bb3 Ba7 7.O-O d6 8.h3 O-O 
9.Nbd2 Ne7 10.Re1 Ng6 11.Nf1 Re8 12.Ng3 Be6 13.d4 c6 14.Bc2 b5 15.Be3 Qc7 
16.Bg5 Kh8 17.Qd2 Ng8 18.a4 Bb6 19.Rad1 f6 20.Be3 Rad8 21.Qc1 c5 22.axb5 
axb5 23.Bd3 c4 24.Bc2 N8e7 25.Nf5 Nf8 26.dxe5 dxe5 27.Rxd8 Qxd8 28.Rd1 Qb8
29.Bxb6 Qxb6 30.Rd6 Qc7 31.Qd2 Nc8 32.Ra6 Qb7 33.Ra1 Qc6 34.Nh2 Nd7 35.Ng4
Bxf5 36.exf5 Nc5 37.h4 Nd3 38.Bxd3 Qd7 39.Rd1 Rd8 40.Nxf6 gxf6 41.Qh6 cxd3
42.Qxf6+ Kg8 43.Qxe5 Ne7 44.f6 Ng6 45.Qg5 Qd5 46.Qh6 Rd7 47.Qe3 Kf7 48.Qh6
Kg8 49.Qe3 Kf7 1/2-1/2

[Event "7th Essent op"]
[Site "Hoogeveen NED"]
[Date "2003.10.18"]
[Round "9.11"]
[White "Archangelsky, Mikhail"]
[Black "Jonkman, Harmen"]
[Result "0-1"]
[WhiteElo "2344"]
[BlackElo "2414"]
[EventDate "2003.10.10"]
[PlyCount "58"]

1.d4 d5 2.Bg5 f6 3.Bh4 c5 4.e4 dxe4 5.Bb5+ Kf7 6.d5 Nd7 7.Nc3 Nb6 8.a4 a6 
9.Be2 e6 10.dxe6+ Bxe6 11.a5 Nc4 12.Bxc4 Bxc4 13.b3 Bb5 14.Nxe4 Qxd1+ 15.
Kxd1 Bf1 16.Nf3 Bxg2 17.Nfg5+ fxg5 18.Nxg5+ Kg6 19.Rg1 Bc6 20.Ne6+ Kf7 21.
Nd8+ Rxd8+ 22.Bxd8 Bd6 23.h4 Nf6 24.Bb6 Re8 25.c3 Bf3+ 26.Kc2 Re2+ 27.Kd3 
Nd5 28.Rg5 Nf4+ 29.Kc4 Re4# 0-1

[Event "7th Essent op"]
[Site "Hoogeveen NED"]
[Date "2003.10.18"]
[Round "9.14"]
[White "Williams, Simon Kim"]
[Black "Timmermans, Ivo"]
[Result "1/2-1/2"]
[WhiteElo "2380"]
[BlackElo "2213"]
[EventDate "2003.10.10"]
[PlyCount "52"]

1.d4 d5 2.c4 c6 3.Nc3 Nf6 4.Nf3 e6 5.Bg5 dxc4 6.e4 b5 7.e5 h6 8.Bh4 g5 9.
Nxg5 hxg5 10.Bxg5 Nbd7 11.exf6 Bb7 12.g3 c5 13.d5 Qb6 14.Bg2 O-O-O 15.O-O 
b4 16.Na4 Qb5 17.a3 exd5 18.Re1 d4 19.axb4 Bxg2 20.Kxg2 cxb4 21.Qxd4 Qxg5 
22.Qxc4+ Bc5 23.Rec1 Qxf6 24.Rc2 Rh5 25.Qe4 Kb8 26.Nxc5 Rxc5 1/2-1/2

[Event "7th Essent op"]
[Site "Hoogeveen NED"]
[Date "2003.10.18"]
[Round "9.15"]
[White "Hebden, Mark"]
[Black "Wempe, Joost"]
[Result "1-0"]
[WhiteElo "2560"]
[BlackElo "2259"]
[EventDate "2003.10.10"]
[PlyCount "109"]

1.d4 d5 2.Nf3 Nf6 3.c4 e6 4.Bg5 Be7 5.Nc3 O-O 6.e3 Nbd7 7.Rc1 a6 8.cxd5 
exd5 9.Bd3 c6 10.O-O Re8 11.Bf4 Nf8 12.h3 Ng6 13.Bh2 Bd6 14.Bxd6 Qxd6 15.
Qc2 Bd7 16.Na4 Rad8 17.Qc5 Qb8 18.Qb6 Qc8 19.Kh2 Qb8+ 20.Kh1 Qc8 21.Ng1 
Re7 22.Nc5 Be8 23.Bf5 Qb8 24.Nf3 Rc7 25.Bxg6 hxg6 26.Ne5 Ne4 27.Rc2 Nxc5 
28.Rxc5 f6 29.Nd3 Re7 30.Rc3 Qc7 31.Rb3 Qxb6 32.Rxb6 Rdd7 33.Nc5 Rc7 34.h4
Bf7 35.Rc1 Kf8 36.Rc3 Be6 37.b4 Bf7 38.a4 Be8 39.g4 Kg8 40.g5 Kf7 41.Kh2 
Kg8 42.Kg3 Kf7 43.f3 f5 44.Kf4 Kg8 45.Nd3 Kf7 46.Ne5+ Ke6 47.b5 axb5 48.
axb5 Kd6 49.bxc6 bxc6 50.Rb8 Re6 51.Ra3 Ree7 52.Raa8 Bf7 53.Rd8+ Ke6 54.
Nd3 Red7 55.Nc5+ 1-0

[Event "7th Essent op"]
[Site "Hoogeveen NED"]
[Date "2003.10.18"]
[Round "9.16"]
[White "Willemze, Jeroen"]
[Black "Van der Werf, Mark"]
[Result "0-1"]
[WhiteElo "2380"]
[BlackElo "2423"]
[EventDate "2003.10.10"]
[PlyCount "70"]

1.e4 Nf6 2.e5 Nd5 3.d4 d6 4.c4 Nb6 5.exd6 exd6 6.Nc3 Be7 7.Qf3 O-O 8.Be3 
c6 9.Nh3 d5 10.c5 N6d7 11.a3 b6 12.b4 bxc5 13.bxc5 Bf6 14.Be2 Nxc5 15.O-O 
Ne6 16.Rfd1 Qa5 17.Rac1 Nd7 18.Nf4 Qxa3 19.Nh5 Qe7 20.Na4 Bb7 21.Rb1 Rab8 
22.Bf1 Ba8 23.Rbc1 Bg5 24.Rc3 Bxe3 25.Rxe3 Qg5 26.Qh3 Nf6 27.Re5 Qh6 28.
Nc5 Nxc5 29.dxc5 Ne4 30.Qg4 f5 31.Rxf5 Rxf5 32.Qxf5 Rf8 33.Qe5 Nxf2 34.Ra1
Ng4 35.Qd6 Qe3+ 0-1

[Event "7th Essent op"]
[Site "Hoogeveen NED"]
[Date "2003.10.18"]
[Round "9.17"]
[White "Dogge, Marc"]
[Black "Rubingh, Otto"]
[Result "0-1"]
[WhiteElo "2228"]
[BlackElo "2299"]
[EventDate "2003.10.10"]
[PlyCount "102"]

1.e4 e6 2.d4 d5 3.Nc3 Bb4 4.e5 c5 5.a3 Bxc3+ 6.bxc3 Qc7 7.Nf3 Ne7 8.h4 Bd7
9.h5 Ba4 10.h6 gxh6 11.Bxh6 Nbc6 12.g3 cxd4 13.cxd4 Nf5 14.Rc1 Ncxd4 15.
Nxd4 Qc3+ 16.Qd2 Qxd4 17.Qxd4 Nxd4 18.Bg7 Rg8 19.Bf6 Nf3+ 20.Ke2 Nd4+ 21.
Kd3 Nf5 22.Kd2 h6 23.c4 Bc6 24.cxd5 Bxd5 25.Rh5 Bf3 26.Rxf5 exf5 27.Bb5+ 
Kf8 28.Rc7 Bd5 29.Bd7 Rg4 30.Kd3 Be6 31.Bxe6 fxe6 32.Rxb7 Ra4 33.Ke2 Rc8 
34.Kf1 Rc2 35.Kg2 h5 36.Kg1 f4 37.gxf4 Rxf4 38.Rxa7 Rfxf2 39.Ra8+ Kf7 40.
Rh8 Rfd2 41.Rh7+ Kg6 42.Rg7+ Kf5 43.Kh1 Rd1+ 44.Rg1 Rxg1+ 45.Kxg1 Ra2 46.
Kh1 Rxa3 47.Kg2 Kg4 48.Be7 Ra2+ 49.Kh1 Re2 50.Bd6 Kf5 51.Kg1 Rxe5 0-1

[Event "7th Essent op"]
[Site "Hoogeveen NED"]
[Date "2003.10.18"]
[Round "9.18"]
[White "Spoelman, Wouter"]
[Black "Ris, Robert"]
[Result "1/2-1/2"]
[WhiteElo "2193"]
[BlackElo "2297"]
[EventDate "2003.10.10"]
[PlyCount "24"]

1.e4 c6 2.c4 g6 3.Nc3 Bg7 4.Nge2 d6 5.g3 Nf6 6.Bg2 O-O 7.O-O a6 8.b3 b5 9.
Bb2 Nbd7 10.cxb5 axb5 11.d4 b4 12.Nb1 Qb6 1/2-1/2

[Event "7th Essent op"]
[Site "Hoogeveen NED"]
[Date "2003.10.18"]
[Round "9.19"]
[White "Prasad, Devaki V"]
[Black "Ahlers, Ben"]
[Result "1-0"]
[WhiteElo "2409"]
[BlackElo "2200"]
[EventDate "2003.10.10"]
[PlyCount "61"]

1.e4 e6 2.Qe2 c5 3.Nf3 g6 4.g3 Bg7 5.Bg2 Ne7 6.d3 Nbc6 7.h4 h6 8.c3 b6 9.
O-O Ba6 10.Rd1 Rc8 11.Nbd2 O-O 12.Nf1 d5 13.e5 d4 14.c4 b5 15.b3 bxc4 16.
bxc4 Rb8 17.N1h2 Kh7 18.Ng4 Ng8 19.h5 Nce7 20.Nd2 gxh5 21.Nf6+ Bxf6 22.
exf6 Nf5 23.Ne4 Rc8 24.Qxh5 Nxf6 25.Qh3 Ng8 26.Bf4 f6 27.Rab1 Qe7 28.Re1 
Rcd8 29.g4 Ng7 30.g5 fxg5 31.Bxg5 1-0

[Event "7th Essent op"]
[Site "Hoogeveen NED"]
[Date "2003.10.18"]
[Round "9.20"]
[White "Van Weersel, Arlette"]
[Black "Van Beek, Alexander"]
[Result "1-0"]
[WhiteElo "2128"]
[BlackElo "2276"]
[EventDate "2003.10.10"]
[PlyCount "55"]

1.e4 c6 2.c4 d5 3.cxd5 cxd5 4.exd5 Nf6 5.Nc3 Nxd5 6.Nf3 e6 7.Bb5+ Nc6 8.d4
Bb4 9.Bd2 O-O 10.O-O Be7 11.Re1 Bf6 12.Bxc6 bxc6 13.Ne4 Qb6 14.Nxf6+ Nxf6 
15.Qc2 Ba6 16.Bf4 Rfd8 17.Re3 Nd5 18.Rb3 Qa5 19.Bg3 Rac8 20.Ng5 Nf6 21.Be5
Rd5 22.Bxf6 Rf5 23.Ne4 gxf6 24.Nd6 Qd5 25.Nxf5 exf5 26.Qd2 c5 27.Rg3+ Kh8 
28.Qh6 1-0

[Event "7th Essent op"]
[Site "Hoogeveen NED"]
[Date "2003.10.18"]
[Round "9.21"]
[White "Potze, Rudolf"]
[Black "De Jong, Migchiel"]
[Result "0-1"]
[WhiteElo "2124"]
[BlackElo "2274"]
[EventDate "2003.10.10"]
[PlyCount "84"]

1.e4 e6 2.d4 d5 3.e5 c5 4.c3 Qb6 5.Nf3 Bd7 6.a3 cxd4 7.cxd4 Bb5 8.Bxb5+ 
Qxb5 9.Nc3 Qa6 10.Be3 Nd7 11.Ne2 Ne7 12.O-O Nc6 13.b4 Be7 14.Nc3 Qb6 15.
Qd3 O-O 16.Rac1 Qd8 17.h4 Bxh4 18.g3 Be7 19.Kg2 f5 20.exf6 Bxf6 21.Rh1 g6 
22.Nh4 Bg7 23.Ne2 a6 24.Qd2 Qf6 25.Rcf1 Nb6 26.Bg5 Nc4 27.Qc1 Qf7 28.Bh6 
Bxh6 29.Qxh6 Qg7 30.Qxg7+ Kxg7 31.Ra1 Rf6 32.f4 Ne3+ 33.Kf2 Nc2 34.Rad1 
Nxa3 35.g4 Nb5 36.Nf3 Raf8 37.Ke3 Nd6 38.Rh3 Nc4+ 39.Kf2 Nxb4 40.Rdh1 Rh8 
41.Rh6 Nd3+ 42.Kg3 Nd6 0-1

[Event "7th Essent op"]
[Site "Hoogeveen NED"]
[Date "2003.10.18"]
[Round "9.23"]
[White "Van Geffen, Ben"]
[Black "Markus, John Raymond"]
[Result "0-1"]
[WhiteElo "2150"]
[BlackElo "2206"]
[EventDate "2003.10.10"]
[PlyCount "90"]

1.e4 e5 2.Nf3 Nc6 3.Bb5 a6 4.Ba4 Nf6 5.O-O b5 6.Bb3 Bc5 7.c3 d6 8.d4 Bb6 
9.a4 Bb7 10.Re1 O-O 11.Bg5 h6 12.Bh4 g5 13.Bg3 Re8 14.axb5 axb5 15.Rxa8 
Qxa8 16.h4 Na5 17.hxg5 Nxe4 18.g6 Nxb3 19.gxf7+ Kxf7 20.Qxb3+ Kg7 21.Qxb5 
Bc6 22.Qf1 Nxg3 23.fxg3 Rf8 24.Qe2 Bxf3 25.gxf3 Rxf3 26.Nd2 Rxg3+ 27.Kh2 
Rg6 28.Rg1 Rxg1 29.Kxg1 Qd8 30.Nf3 Qf6 31.Qf2 exd4 32.cxd4 Qf4 33.Kg2 h5 
34.Qg3+ Qg4 35.d5 Kf6 36.Kh2 Qxg3+ 37.Kxg3 Kf5 38.Kh4 Ke4 39.Ng5+ Kxd5 40.
Kxh5 Kc4 41.Kg4 Kb3 42.Kf5 d5 43.Ke5 d4 44.Kd5 d3 45.Nf3 Kc2 0-1

[Event "7th Essent op"]
[Site "Hoogeveen NED"]
[Date "2003.10.18"]
[Round "9.25"]
[White "Jongsma, Daan"]
[Black "Van Lommel, Patrick"]
[Result "1-0"]
[WhiteElo "2248"]
[BlackElo "2168"]
[EventDate "2003.10.10"]
[PlyCount "93"]

1.e4 e6 2.d4 d5 3.Nc3 Bb4 4.Ne2 dxe4 5.a3 Bxc3+ 6.Nxc3 Nc6 7.Bb5 Ne7 8.
Nxe4 O-O 9.c3 Qd5 10.Bd3 f5 11.Ng3 e5 12.O-O Kh8 13.dxe5 Nxe5 14.Bc2 Qxd1 
15.Rxd1 N5c6 16.Bf4 Ng6 17.Bxc7 f4 18.Ne4 f3 19.g3 Bf5 20.Rd2 Rac8 21.Bd6 
Rfe8 22.Nf6 gxf6 23.Bxf5 Rcd8 24.Rad1 Re2 25.Kf1 Rxd2 26.Rxd2 Nge5 27.Be6 
Kg7 28.b4 Nf7 29.Bf4 Re8 30.Bxf7 Kxf7 31.Rd3 Ne5 32.Bxe5 fxe5 33.Rxf3+ Ke6
34.Re3 Kd5 35.Ke2 Kc4 36.Kd2 Kb3 37.Kd3 Kxa3 38.f4 Rd8+ 39.Kc4 exf4 40.
gxf4 Rf8 41.Rf3 Rf5 42.Kd4 Kb3 43.Ke4 Rh5 44.h3 a5 45.bxa5 Rxa5 46.f5 b5 
47.f6 1-0

[Event "7th Essent op"]
[Site "Hoogeveen NED"]
[Date "2003.10.18"]
[Round "9.26"]
[White "Galje, Hans"]
[Black "Cako, Laszlo"]
[Result "1-0"]
[WhiteElo "2089"]
[BlackElo "2164"]
[EventDate "2003.10.10"]
[PlyCount "79"]

1.d4 Nf6 2.c4 e6 3.Nc3 Bb4 4.e3 b6 5.Ne2 Ba6 6.a3 Bxc3+ 7.Nxc3 d5 8.b3 Nc6
9.Be2 O-O 10.O-O Na5 11.Rb1 c6 12.a4 Qe7 13.Bd2 Rfd8 14.cxd5 Bxe2 15.Qxe2 
exd5 16.Rfc1 Rac8 17.Be1 Re8 18.Na2 Nb7 19.Qa6 Nd6 20.a5 Nd7 21.Nb4 Nb8 
22.Qf1 Qb7 23.Nd3 Nd7 24.Nf4 Nf6 25.Nd3 Nb5 26.Bb4 Ne4 27.f3 Ned6 28.Qf2 
Nf5 29.Re1 Qa6 30.Rbd1 h6 31.g4 Nfd6 32.Qg3 Re6 33.Nf4 Ree8 34.Nd3 Red8 
35.h4 Qb7 36.Kg2 bxa5 37.Bxa5 Re8 38.Bb4 Qb8 39.Rc1 Qb7 40.Bxd6 1-0

[Event "7th Essent op"]
[Site "Hoogeveen NED"]
[Date "2003.10.18"]
[Round "9.27"]
[White "Knol, Geon"]
[Black "Hendriks, Richard V"]
[Result "0-1"]
[WhiteElo "2163"]
[BlackElo "2108"]
[EventDate "2003.10.10"]
[PlyCount "96"]

1.e4 e5 2.d4 exd4 3.f4 Nc6 4.Nf3 d5 5.e5 Bc5 6.Bd3 Nge7 7.O-O Bf5 8.a3 a5 
9.Nh4 Bxd3 10.cxd3 O-O 11.Qh5 f6 12.exf6 Rxf6 13.f5 Qe8 14.Qxe8+ Rxe8 15.
Bg5 Rff8 16.Nd2 Bd6 17.f6 h6 18.Bxh6 gxh6 19.fxe7 Bxe7 20.Rxf8+ Kxf8 21.
Ng6+ Kg7 22.Nxe7 Rxe7 23.Nf3 Re3 24.Rd1 Re2 25.Rb1 Kf6 26.b4 axb4 27.axb4 
Re3 28.b5 Ne5 29.Nxd4 Rxd3 30.Ne2 Rd2 31.Nc3 Ke6 32.b6 c5 33.Rf1 Rc2 34.
Nb5 Nd3 35.Nc7+ Ke5 36.g4 Rc1 37.h4 c4 38.Rxc1 Nxc1 39.g5 hxg5 40.hxg5 
Ne2+ 41.Kf2 Nf4 42.Nb5 Nh3+ 43.Ke2 Nxg5 44.Na7 Ne6 45.Nc8 Nc5 46.Kd2 d4 
47.Kd1 Nd3 48.Ne7 c3 0-1

[Event "7th Essent op"]
[Site "Hoogeveen NED"]
[Date "2003.10.18"]
[Round "9.28"]
[White "Doggers, Peter"]
[Black "Westerkamp, Bert"]
[Result "1-0"]
[WhiteElo "2209"]
[BlackElo "2129"]
[EventDate "2003.10.10"]
[PlyCount "109"]

1.e4 e5 2.Nf3 Nc6 3.Bb5 a6 4.Ba4 d6 5.Bxc6+ bxc6 6.d4 f6 7.O-O g6 8.c4 Bg7
9.Nc3 Ne7 10.Be3 O-O 11.h3 Rb8 12.Rb1 Be6 13.Qe2 h6 14.c5 Qc8 15.cxd6 cxd6
16.Rfd1 d5 17.dxe5 fxe5 18.Bc5 Rf7 19.Bxe7 Rxe7 20.exd5 cxd5 21.Nxd5 Rd7 
22.Nc3 Bf5 23.Rxd7 Qxd7 24.Rd1 Qb7 25.b3 Rc8 26.Qe3 Qc6 27.Nd5 Qd6 28.Rd2 
Kh8 29.g4 Rc1+ 30.Kg2 Bc8 31.Nb6 Qe7 32.Nxc8 Rxc8 33.Qe4 Qf6 34.Rc2 Rxc2 
35.Qxc2 Kh7 36.Nd2 Qf4 37.Ne4 Bf8 38.Qe2 Bg7 39.Qe3 Qf7 40.Qc5 Qb7 41.f3 
Qd7 42.Qc4 Qa7 43.b4 Qb6 44.a4 Bf8 45.Qf7+ Bg7 46.h4 Kh8 47.Qe8+ Kh7 48.
Qe7 Kh8 49.g5 Qe3 50.Qe8+ Kh7 51.h5 Qe2+ 52.Nf2 Qc2 53.b5 axb5 54.axb5 
hxg5 55.Qxg6+ 1-0

[Event "7th Essent op"]
[Site "Hoogeveen NED"]
[Date "2003.10.18"]
[Round "9.29"]
[White "Malinarski, Yehuda"]
[Black "Slisser, Theo"]
[Result "1/2-1/2"]
[WhiteElo "2180"]
[BlackElo "2161"]
[EventDate "2003.10.10"]
[PlyCount "55"]

1.e4 c5 2.Nf3 d6 3.d4 cxd4 4.Nxd4 Nf6 5.Nc3 g6 6.Be3 Bg7 7.f3 Nc6 8.Qd2 
O-O 9.O-O-O d5 10.exd5 Nxd5 11.Nxc6 bxc6 12.Bd4 e5 13.Bc5 Re8 14.Nxd5 cxd5
15.Qxd5 Qxd5 16.Rxd5 Be6 17.Rd3 Bf5 18.Ra3 Rec8 19.Ra5 Bh6+ 20.Kb1 Bf8 21.
b4 Rab8 22.Kc1 Rxb4 23.Bxb4 Rxc2+ 24.Kd1 Bxb4 25.Rxa7 Rd2+ 26.Kc1 Rc2+ 27.
Kd1 Rd2+ 28.Kc1 1/2-1/2